[Event "Challengers' Cup"]
[Site "Seattle, WA"]
[Date "2013.10.26"]
[Round "2"]
[White "Raffel Brian  (WA)"]
[Black "Robeal Rafik  (WA)"]
[Result "0-1"]
[WhiteElo "1478"]
[BlackElo "1753"]
[Annotator ""]
[Source ""]
[Remark "Open"]

1.e4 c5 2.Nf3 d6 3.d4 cxd4 4.Nxd4 Nf6 5.Nc3 a6 6.Bc4 e6 7.Bb3
Nbd7 8.a3 Nc5 ( 8...Nc5 9.Bg5 Nxb3 10.Nxb3 Be7 11.Qe2 Qc7 12.O-O
Bd7 13.Be3 Nxe4 14.Nxe4 Bb5 15.Qg4 Qxc2 16.Qxg7 Rf8 17.Nf6+ Bxf6
18.Qxf6 Bxf1 19.Rxf1 Qg6 20.Qc3 Rd8 21.Na5 Rd7 22.Nxb7 Rg8 23.g3
h5 24.h4 f6 25.Qc6 Ke7 26.Nxd6 Qd3 27.Bc5 Qb3 28.Ne4+ {1-0, Campos Antonio (ESP) 2227 - Lozano Flores Paola, Santomera 1993}
) 9.f3 Nxb3 10.cxb3 Be7 11.O-O O-O 12.Be3 b5 13.Nc6 Qc7 14.Nxe7+
Qxe7 15.Rc1 Re8 16.Ne2 e5 17.Ng3 Be6 18.b4 Rec8 19.Qd2 g6 20.Bg5
Qa7+ 21.Be3 Qd7 22.Rfd1 Rxc1 23.Rxc1 Bc4 24.Bh6 Qe6 25.Nf5 d5
26.Ng7 {?} Qb6+ 27.Kh1 dxe4 28.Qg5 exf3 29.gxf3 e4 30.f4 Qe3
31.Qg1 Qf3+ 32.Qg2 Ng4 33.Nf5 Qxg2+ 34.Kxg2 gxf5 35.Bg5 Re8 36.Rg1
f6 37.Bh4 Kf7 38.h3 Ne3+ 39.Kh1 Nd5 40.Bg3 e3 41.Re1 Re4 42.Kg2
Rd4 43.Kf3 Rd2 0-1

[Event "Challengers' Cup"]
[Site "Seattle, WA"]
[Date "2013.10.26"]
[Round "2"]
[White "Collyer Curt  (WA)"]
[Black "Malugu Satyajit  (WA)"]
[Result "1-0"]
[WhiteElo "2281"]
[BlackElo "2151"]
[Annotator ""]
[Source ""]
[Remark "Open"]

1.Nf3 Nf6 2.g3 g6 3.b3 Bg7 4.Bb2 d6 5.d4 O-O 6.Bg2 Nbd7 7.O-O
Ne4 8.Nfd2 Nxd2 9.Qxd2 c5 10.c4 Rb8 11.dxc5 Bxb2 12.Qxb2 Nxc5
13.Nc3 Bd7 14.b4 Ne6 15.Rfd1 Rc8 16.Qb3 a5 17.a3 a4 18.Qa2 b5
19.Nxb5 Bxb5 20.cxb5 Qb6 21.Bh3 Nd4 22.Bxc8 Rxc8 23.Rac1 Rxc1
24.Rxc1 Qxb5 25.Rc8+ Kg7 26.Qc4 Qe5 27.e3 Nb5 28.Rb8 Nxa3 29.Qd4
Qxd4 30.exd4 Nc2 31.b5 a3 32.Ra8 Nxd4 33.b6 1-0

[Event "Challengers' Cup"]
[Site "Seattle, WA"]
[Date "2013.10.27"]
[Round "4"]
[White "Anthony Ralph  (WA)"]
[Black "Larkin Morgan  (WA)"]
[Result "1-0"]
[WhiteElo "1730"]
[BlackElo "1571"]
[Annotator ""]
[Source ""]
[Remark "Reserve"]

1.e4 d6 2.d4 Nf6 3.Nc3 g6 4.Be3 Bg7 5.Qd2 h6 6.f3 a6 7.Bc4 b5
( 7...b5 8.Bb3 e6 9.g4 Nbd7 10.O-O-O Bb7 11.d5 e5 12.Nge2 Nc5
13.h4 Nfd7 14.h5 g5 15.Ng3 f6 16.Nf5 Bf8 17.Kb1 Qb8 18.a3 a5
19.Nxb5 Ba6 20.Nc3 Nxb3 21.cxb3 Qxb3 22.Qc2 Rb8 23.Qxb3 Rxb3
24.Rd2 Rb7 25.Rc1 Rh7 26.Na2 Nb6 27.Bxb6 Rxb6 28.b4 axb4 29.Nxb4
Rd7 30.Rb2 Bb5 31.Nc6 Rh7 32.Rc3 Kd7 33.Rb4 Rh8 34.Kc2 Bxc6 35.Rxb6
Ba4+ 36.Rbb3 Kc8 37.Kd3 Bxb3 38.Rxb3 Rh7 39.Kc4 Rd7 40.a4 Rd8
41.a5 Kd7 42.Rb7 Ra8 43.Kb5 Kd8 44.a6 Kc8 45.Ka5 {1-0, Cochet Caroline (FRA) 2095 - Collas Silvia (FRA) 2349, Val d'Isere (France) 2004.08.26}
) 8.Bb3 b4 9.Nd5 a5 10.Nxf6+ exf6 11.Ne2 Ba6 12.Ba4+ c6 13.a3
Bxe2 14.Kxe2 O-O 15.axb4 d5 16.exd5 Qxd5 17.bxa5 Rxa5 18.Bb3
Rxa1 19.Rxa1 Qb5+ 20.Qd3 Qb7 21.Qxg6 Re8 22.Qd3 f5 23.Kf2 Qe7
24.g3 Nd7 25.Re1 f4 26.Bd2 fxg3+ 27.hxg3 Qd8 28.Rxe8+ Qxe8 29.Qe3
Qd8 30.Bb4 Nf8 31.c3 Ng6 32.Qe4 Qd7 33.Qxg6 1-0

[Event "Challengers' Cup"]
[Site "Seattle, WA"]
[Date "2013.10.26"]
[Round "2"]
[White "Arganian David (WA)"]
[Black "Tiglon Bryce  (WA)"]
[Result "0-1"]
[WhiteElo "2002"]
[BlackElo "2155"]
[Annotator ""]
[Source ""]
[Remark "Open"]

1.e4 c5 2.Nf3 d6 3.d4 cxd4 4.Qxd4 Bd7 5.c4 Nc6 6.Qd2 Nf6 7.Nc3
g6 8.b3 Bg7 9.Bb2 O-O 10.Be2 Qa5 11.Bd3 Bg4 12.Nd5 Qxd2+ 13.Nxd2
Nxd5 14.Bxg7 Nf4 15.Bxf8 Nxd3+ 16.Kf1 Rxf8 17.f3 Be6 18.Ke2 Nc5
19.f4 f5 20.exf5 Bxf5 21.Nf3 Bg4 22.Ke3 Bxf3 23.Kxf3 Nd4+ 24.Kg4
h5+ 25.Kg5 Kg7 26.Rhf1 Nf5 27.Rae1 e5 0-1

[Event "Challengers' Cup"]
[Site "Seattle, WA"]
[Date "2013.10.26"]
[Round "2"]
[White "Pupols Viktors  (WA)"]
[Black "He Samuel  (WA)"]
[Result "0-1"]
[WhiteElo "2200"]
[BlackElo "2048"]
[Annotator ""]
[Source ""]
[Remark "Open"]

1.d4 Nf6 2.c4 e6 3.Nf3 b6 4.g3 Ba6 5.Nbd2 Bb4 6.a3 Bxd2+ 7.Nxd2
Bb7 8.Nf3 Bxf3 9.exf3 d5 10.Bg2 O-O 11.f4 a5 12.b3 Na6 13.O-O
Qd7 14.Bb2 Rab8 15.Qe2 b5 16.c5 Ra8 17.Rac1 c6 18.Bf3 Ne8 19.Rfe1
Nac7 20.Qf1 f5 21.Bd1 Nf6 22.Rc2 b4 23.a4 g6 24.Rce2 Kf7 25.f3
Kg8 26.Re3 Rae8 27.Kf2 Kf7 28.Ke2 Ke7 29.Kd2 Kd8 30.Kc1 Qc8 31.Kb1
Qd7 32.Ka2 Qc8 33.Bc1 Qd7 34.Bc2 Qc8 35.R1e2 Qd7 36.Qe1 Re7 37.Bd3
Rfe8 38.Bd2 Qc8 39.Rg2 Rf7 40.Re5 Nd7 41.Ree2 Nf6 42.Rg1 Qd7
43.Qf1 Rg8 44.Re1 Rfg7 45.Qe2 Qe7 46.Ref1 Qd7 47.Qe1 Rf7 48.Rf2
Rfg7 49.Re2 Rf7 50.Qf1 Rfg7 51.Qh3 Kc8 52.Qh4 Rf7 53.g4 Kb8 54.Qe1
Kc8 55.Qb1 Kb7 56.h3 Kb8 57.Qc1 Kb7 58.Be1 Kb8 59.Bh4 Nfe8 60.gxf5
exf5 61.Rge1 Rgg7 62.Re5 Nf6 63.Qe3 Ng8 64.Kb2 Kc8 65.Kc2 Kb8
66.Re2 Kc8 67.Re1 Kb8 68.Bf1 Nf6 69.Qd3 Ng8 70.R1e3 Nf6 71.Qe2
Qd8 72.Bg5 Qd7 73.Bh6 ( 73.Bxf6 Rxf6 74.Re8+ Kb7 75.R8e7 {+-} )
Rg8 74.Re7 Rxe7 75.Rxe7 Re8 76.Rxe8+ Qxe8 77.Qe5 Qxe5 78.fxe5
Nh5 79.Kd3 Ne6 80.h4 Kc7 81.Ke3 Kd7 82.f4 Ng3 83.Ba6 Ne4 84.Bg5
Nc3 85.Bd3 Nd1+ 86.Ke2 Nc3+ 87.Ke3 Na2 88.Be2 {%02=  'time'?} 0-1

[Event "Challengers' Cup"]
[Site "Seattle, WA"]
[Date "2013.10.26"]
[Round "2"]
[White "Bashkansky Naomi (WA)"]
[Black "Gelb Nicolo R  (WA)"]
[Result "0-1"]
[WhiteElo "1732"]
[BlackElo "1941"]
[Annotator ""]
[Source ""]
[Remark "Open"]

1.d4 d5 2.e3 Nf6 3.Bd3 g6 4.Nf3 Bg7 5.b3 O-O 6.Bb2 c5 7.Ne5 Nc6
8.O-O cxd4 9.exd4 Qb6 10.Nxc6 bxc6 11.c4 Ng4 12.Be2 h5 13.h3
Nh6 14.Na3 Nf5 15.c5 Qc7 16.Nc2 a5 17.a3 Qf4 18.b4 Ba6 19.Re1
e6 20.Bc3 axb4 21.Bd2 Bxe2 22.Bxf4 Bxd1 23.Rexd1 b3 24.Nb4 Nxd4
25.Bh6 Bxh6 26.Rxd4 Bg7 27.Rdd1 Bxa1 28.Rxa1 Rfb8 0-1

[Event "Challengers' Cup"]
[Site "Seattle, WA"]
[Date "2013.10.26"]
[Round "3"]
[White "Bayati Basil  (WA)"]
[Black "MacGregor Logan  (WA)"]
[Result "0-1"]
[WhiteElo "1225"]
[BlackElo "1651"]
[Annotator ""]
[Source ""]
[Remark "Reserve"]

1.e4 e6 2.d4 d5 3.Nc3 Nf6 4.e5 Nfd7 5.Nf3 c5 6.Bb5 a6 7.Bxd7+
Bxd7 8.O-O Nc6 9.Be3 cxd4 10.Bxd4 Nxd4 11.Nxd4 Be7 12.f4 Qb6
13.Kh1 Bc5 14.Nb3 d4 15.Ne4 Be7 16.Qxd4 Qxd4 17.Nxd4 O-O-O 18.Rfd1
h6 19.c4 g5 20.fxg5 hxg5 21.Nd6+ Bxd6 22.exd6 g4 23.Re1 Rh5 24.g3
Rdh8 25.Re2 e5 26.Nb3 Bc6+ 27.Kg1 Bf3 28.Rf2 Rh3 29.d7+ Kd8 30.Rxf3
gxf3 31.Kf2 e4 32.Nd2 Rxh2+ 33.Ke3 Re2+ 0-1

[Event "Challengers' Cup"]
[Site "Seattle, WA"]
[Date "2013.10.27"]
[Round "4"]
[White "Chowdhury Neil  (WA)"]
[Black "Haining Breck  (WA)"]
[Result "0-1"]
[WhiteElo "1658"]
[BlackElo "1395"]
[Annotator ""]
[Source ""]
[Remark "Reserve"]

1.c4 g6 2.g3 Bg7 3.Bg2 Nf6 4.Nc3 d6 5.Nf3 Nbd7 6.O-O c6 7.Rb1
Qc7 8.d3 O-O 9.Bd2 Re8 10.b4 a6 11.a4 Rb8 12.b5 d5 13.Qb3 dxc4
14.dxc4 Nc5 15.Qb4 Nfe4 16.Nxe4 Nxe4 17.Bf4 e5 18.Be3 c5 19.Qb3
Be6 20.Nxe5 Nxg3 21.hxg3 Bxe5 22.f4 Bd4 23.Bxd4 cxd4 24.Rbc1
Qc5 25.Qd3 Bg4 26.Rfe1 Re3 27.Qd2 d3 28.Kh2 Qh5+ 29.Kg1 Rxg3
30.exd3 Bf3 31.Re2 Bxe2 32.Kf2 Qg4 33.Rg1 Re8 34.bxa6 bxa6 35.c5
Bxd3 ( 35...Rf3+ 36.Bxf3 Qxf3+ 37.Ke1 Bxd3+ 38.Qe3 Qxe3+ 39.Kd1
Qe2+ 40.Kc1 Qc2# ) 36.Re1 Rxe1 ( 36...Rxg2# ) 37.Kxe1 Rxg2 38.Qxd3
Qg3+ 39.Qxg3 Rxg3 40.Kd2 Rf3 41.c6 Rxf4 42.Kd3 Rf6 43.Kd4 Rxc6
44.Kd5 Re6 45.a5 g5 46.Kc5 g4 47.Kd5 g3 48.Kc5 g2 49.Kd5 g1Q
50.Kc4 Re5 51.Kb4 Qd4+ 52.Kb3 Rb5+ 53.Kc2 Rb2+ 54.Kc1 Qd2# 0-1

[Event "Challengers' Cup"]
[Site "Seattle, WA"]
[Date "2013.10.26"]
[Round "3"]
[White "Haining Breck  (WA)"]
[Black "Piper August  (WA)"]
[Result "1-0"]
[WhiteElo "1395"]
[BlackElo "1528"]
[Annotator ""]
[Source ""]
[Remark "Reserve"]

1.e4 c5 2.Nf3 d6 3.d4 cxd4 4.Nxd4 Nf6 5.Nc3 a6 6.Be2 e6 7.Be3
Be7 8.Qd2 b5 9.Bd3 Bb7 10.f3 Nbd7 11.g4 Nb6 12.g5 Nfd7 13.h4
Rc8 14.Nb3 Nc4 15.Bxc4 Rxc4 16.Rg1 Qc7 17.Bd4 Ne5 18.Bxe5 dxe5
19.O-O-O Bb4 20.Rge1 Ke7 21.Re3 Rd8 22.Rd3 Rxd3 23.Qxd3 Bxc3
24.bxc3 Rxc3 25.Qd2 Rc6 26.Na5 Rd6 27.Qxd6+ Qxd6 28.Rxd6 Bxe4
29.Rxa6 Bxf3 30.Nb3 Bd5 31.Ra7+ Ke8 32.Kd2 f5 33.gxf6 gxf6 34.Rxh7
f5 35.a3 f4 36.Nc1 e4 37.Ne2 e3+ 38.Ke1 f3 39.Ng3 f2+ 40.Kf1
Bc4+ 41.Ne2 Bd5 42.h5 Be4 43.Rc7 Kd8 44.Ra7 Bxc2 45.h6 Bf5 46.Ng3
Bd3+ 47.Kg2 {??} ( 47.Ne2 {+-} ) Bc4 {??} ( 47...f1Q+ 48.Nxf1
e2 49.Ng3 e1Q $19 ) 48.h7 Bd5+ 49.Kf1 Bc4+ 50.Ne2 1-0

[Event "Challengers' Cup"]
[Site "Seattle, WA"]
[Date "2013.10.27"]
[Round "3"]
[White "Landingin Jofrel  (CAN)"]
[Black "Mathews Dan  (WA)"]
[Result "1-0"]
[WhiteElo "1938"]
[BlackElo "1685"]
[Annotator ""]
[Source ""]
[Remark "Open"]

1.e4 c5 2.f4 d5 3.exd5 Qxd5 4.Nc3 Qd8 5.Nf3 Nc6 6.Bb5 Bd7 7.O-O
e6 8.Qe1 Nd4 9.Bxd7+ Qxd7 10.Nxd4 Qxd4+ 11.Kh1 Nf6 12.Nb5 Qd7
13.a4 a6 14.Nc3 h5 15.d3 h4 16.h3 Be7 17.Ne2 O-O-O 18.Be3 Nd5
19.Bd2 f5 20.a5 Rdg8 21.c4 Nc7 22.Nc3 Qxd3 23.Na4 g5 24.Bc3 Rh7
25.Be5 g4 26.Rd1 Qe4 27.Qxe4 fxe4 28.Nb6+ 1-0

[Event "Challengers' Cup"]
[Site "Seattle, WA"]
[Date "2013.10.26"]
[Round "2"]
[White "Anthony Ralph  (WA)"]
[Black "Wilson Zuberi  (WA)"]
[Result "1/2-1/2"]
[WhiteElo "1730"]
[BlackElo "1447"]
[Annotator ""]
[Source ""]
[Remark "Reserve"]

1.e4 e5 2.Nf3 Nc6 3.Bb5 Nf6 4.O-O d6 5.d4 Bd7 6.c3 a6 7.Ba4 b5
8.Bb3 Be7 9.Re1 O-O 10.Nbd2 Bg4 11.d5 Nb8 ( 11...Nb8 12.Nf1 Nbd7
13.Ng3 Nc5 14.Bc2 Qd7 15.h3 Bxf3 16.Qxf3 c6 17.dxc6 Qxc6 18.Nf5
Ra7 19.Qg3 g6 20.Nxe7+ Rxe7 21.Qh4 Re6 22.Bg5 Ncd7 23.Bb3 d5
24.Rad1 Rd6 25.exd5 Nxd5 26.Qe4 f5 27.Qd3 Nc5 28.Bxd5+ Rxd5 29.Qxd5+
Qxd5 30.Rxd5 Ne4 31.Bh4 Re8 32.f3 Nd2 33.Rxd2 e4 34.fxe4 fxe4
35.Rde2 Rf8 36.Rxe4 h6 37.Re6 g5 38.Bg3 a5 39.Rxh6 Rf5 40.Re7
a4 41.Rb6 Rf8 42.Rbb7 Rc8 43.Bd6 Kf8 44.Rh7+ Ke8 45.Rh8# {1-0, Schneider Beatrix (GER) 2050 - Lang Friederike, Germany 1992}
) 12.Nf1 Bh5 13.Ng3 Bg6 14.Nh4 Bh5 15.Nxh5 Nxh5 16.Qxh5 Bxh4
17.Re3 Qg5 18.Qe2 Qg6 19.Rh3 Be7 20.Rg3 Qf6 21.Bg5 Qxg5 22.Rxg5
Bxg5 23.Qg4 h6 24.Rd1 a5 25.Rd3 Na6 26.Rg3 Nc5 27.h4 Bf6 28.Bc2
b4 29.c4 g6 30.h5 g5 31.Qf5 Bg7 32.Rg4 f6 33.f4 a4 34.Rg3 Rf7
35.fxg5 fxg5 36.Qg4 Rf4 37.Qe2 a3 38.b3 Raf8 39.Rf3 Rxf3 40.gxf3
Rf4 41.Qg2 Kh7 42.Qh3 Rf8 43.Kf2 Kh8 44.Ke3 Kh7 45.Bd1 Kg8 46.Qg4
Kh7 47.Qg3 Kh8 48.Be2 Kh7 49.Bf1 Kh8 50.Bh3 Kh7 51.Bf5+ Kh8 52.Qh3
Kg8 53.Be6+ Kh7 54.Bf5+ Kh8 55.Qg3 Kg8 56.Qe1 Rb8 57.Be6+ Kh8
58.Qg3 Rf8 59.Qg4 Kh7 60.Bf5+ Kg8 61.Bg6 Kh8 62.Qg3 Kg8 63.Qe1
Rb8 64.Qf1 Kh8 65.Bf7 Rf8 66.Bg6 Kg8 67.Qh3 Kh8 68.Bf5 Kg8 69.Qg3
Kh8 70.Be6 Kh7 71.Qe1 Rb8 72.Qg1 Rf8 73.Qg4 1/2-1/2

[Event "Challengers' Cup"]
[Site "Seattle, WA"]
[Date "2013.10.26"]
[Round "2"]
[White "Eken Winston  (WA)"]
[Black "Deshpande Aaryan  (WA)"]
[Result "1/2-1/2"]
[WhiteElo "1474"]
[BlackElo "1578"]
[Annotator ""]
[Source ""]
[Remark "Reserve"]

1.e4 c6 2.d4 d5 3.e5 Bf5 4.h4 h6 5.Bd3 Bxd3 6.Qxd3 e6 7.Nc3 Nd7
8.Nf3 Qc7 9.Bf4 Ne7 10.g4 Qb6 11.O-O h5 12.g5 Nf5 13.Be3 Be7
14.a4 f6 15.a5 Qc7 16.Bf4 fxg5 17.Nxg5 Bxg5 18.Bxg5 O-O 19.Ne2
Rae8 20.Nf4 Nxh4 21.Bxh4 Rxf4 22.Bg3 Rg4 23.Kh1 Rf8 24.Rg1 h4
25.Bh2 Rxg1+ 26.Kxg1 Qd8 27.Qg6 Qe7 28.Rf1 Rf5 29.f4 Nf8 30.Qg4
g5 31.c3 Qg7 32.Rf2 gxf4 33.Qxg7+ Kxg7 34.Bxf4 Ng6 35.Be3 Ne7
36.Rg2+ Kf7 37.Bg5 Ng6 38.Rg4 h3 39.Kh2 Rf2+ 40.Kxh3 Rxb2 41.Rg3
Rf2 42.Kg4 b6 43.axb6 axb6 44.Bd8 b5 45.Bb6 Rf4+ 46.Kh3 Rh4+
47.Kg2 Nf4+ 48.Kf3 Ng6 49.Ke3 Ne7 50.Rf3+ Nf5+ 51.Kd2 Kg6 52.Kc2
Kh5 53.Kb3 Kg4 54.Rf1 Rh3 55.Rg1+ Ng3 56.Ba5 Kh5 57.Rg2 Ne4 58.Bb4
Rh1 59.Rg8 Ra1 60.Re8 Ng5 1/2-1/2